| 000 | 00529nam a2200169 i 4500 | ||
|---|---|---|---|
| 001 | 101544 | ||
| 003 | ES-MaACL | ||
| 005 | 20230906182929.0 | ||
| 007 | t| | ||
| 008 | 051020s1964 sp ||||1| spa d | ||
| 100 | 1 |
_aMedina, Pedro de. _979710 |
|
| 245 | 1 | 0 |
_aRegimiento de navegación / _ccompuesto por Pedro de Medina (Sevilla 1563). |
| 260 |
_aMadrid : _bInstituto de España, _c1963. |
||
| 300 |
_a2 v. ; _c25 cm. |
||
| 505 | 8 | _aContiene: V.I.-- Original. V.II.-- Transcripción. | |
| 852 |
_aES-MaACL _jL-1343-4 _bR.102174 |
||
| 999 |
_c101544 _d101544 |
||